| 000 | 00529nam a2200217Ia 4500 | ||
|---|---|---|---|
| 005 | 20250425162030.0 | ||
| 008 | 250425s9999 xx 000 0 und d | ||
| 020 | _a0023861118 | ||
| 041 | _aeng | ||
| 082 | _a621.31042 | ||
| 100 | _aNASAR, SYED A. | ||
| 245 | 0 | _aELECTRIC ENERGY SYSTEMS | |
| 250 | _aS.E. | ||
| 260 |
_aEstados Unidos _bPRENTICE HALL _c1996 |
||
| 260 | _aNEW YORK | ||
| 300 | _a416 | ||
| 650 | _aMAQUINARIAS ELECTRICAS | ||
| 650 | _aSISTEMAS ELECTRICOS DE POTENCIA | ||
| 942 | _c01 | ||
| 010 | _a41375 | ||
| 999 |
_c220999 _d220999 |
||